La punta del Iceberg / (Registro nro. 3502)
[ vista simple ]
| 000 -LEADER | |
|---|---|
| fixed length control field | 01841nam a2200253Ia 4500 |
| 003 - CONTROL NUMBER IDENTIFIER | |
| control field | OSt |
| 005 - DATE AND TIME OF LATEST TRANSACTION | |
| control field | 20201006081418.0 |
| 008 - FIXED-LENGTH DATA ELEMENTS--GENERAL INFORMATION | |
| fixed length control field | 191128s1999 sp aob er 001 0 spa d |
| 020 ## - INTERNATIONAL STANDARD BOOK NUMBER | |
| International Standard Book Number | 843958265X |
| 040 ## - CATALOGING SOURCE | |
| Original cataloging agency | CO-JMCR |
| Transcribing agency | CO-JMCR |
| 041 0# - LANGUAGE CODE | |
| Language code of text/sound track or separate title | spa |
| 082 04 - DEWEY DECIMAL CLASSIFICATION NUMBER | |
| Classification number | 001.942 / |
| Item number | B467p |
| Edition number | 21 |
| 100 1# - MAIN ENTRY--PERSONAL NAME | |
| Personal name | Benítez, J. J., |
| Relator term | autor |
| 9 (RLIN) | 1644 |
| 245 10 - TITLE STATEMENT | |
| Title | La punta del Iceberg / |
| Statement of responsibility, etc. | J. J. Benítez |
| 260 ## - PUBLICATION, DISTRIBUTION, ETC. | |
| Place of publication, distribution, etc. | Barcelona : |
| Name of publisher, distributor, etc. | Planeta DeAgostini, |
| Date of publication, distribution, etc. | 1999 |
| 300 ## - PHYSICAL DESCRIPTION | |
| Extent | [208] páginas : |
| Other physical details | ilustraciones, fotografias y mapas a blanco y negro ; |
| Dimensions | 23 cm. |
| 490 0# - SERIES STATEMENT | |
| Series statement | Biblioteca J. J. Benítez |
| 500 ## - GENERAL NOTE | |
| General note | Incluye índice onomástico. |
| 505 0# - FORMATTED CONTENTS NOTE | |
| Formatted contents note | Donde se cuenta cómo Juan González no se arruga así como así -- Aterrizaje ovni en Ávila o un secreto bien guardado -- Aznalcázar: de cómo el señor Mora falleció en la creencia de haber recibido un anticipo del más allá --¿Por qué el infierno tiene que oler a azufre y no a paella valenciana? -- Garganta la olla es casi un milagro -- Tambien en Estados Unidos tienen "mujeres" monstruosas -- Un olvido que me permitio volver a Gargante la olla -- De cómo supe del desconcertante caso del guardia civil -- El "cebo" del pusilibro -- De momento, vamos a dar la primicia |
| 520 ## - SUMMARY, ETC. | |
| Summary, etc. | "Desde que elegí la investigación ovni como el eje y objetivo de mi vida, he reunido decenas de casos de encuentros cercanos con los tripulantes o pilotos de estas naves (…) Y hago saber al amigo lector que, aunque muchos de estos "encuentros" se presentan rotundos y definitivos, lo que podemos ofrecer no es otra cosa que "la punta del iceberg" de una realidad física, onda, invisible a veces y arcana siempre que flota sobre una humanidad desde la noche de los tiempos" |
| 650 14 - SUBJECT ADDED ENTRY--TOPICAL TERM | |
| Topical term or geographic name entry element | Vida en otros planetas |
| 9 (RLIN) | 1680 |
| 650 14 - SUBJECT ADDED ENTRY--TOPICAL TERM | |
| Topical term or geographic name entry element | Objeto volador no identificado |
| General subdivision | encuentros |
| 9 (RLIN) | 1681 |
| 942 ## - ADDED ENTRY ELEMENTS (KOHA) | |
| Source of classification or shelving scheme | Dewey Decimal Classification |
| Koha item type | Books |
| Withdrawn status | Lost status | Source of classification or shelving scheme | Damaged status | Not for loan | Collection code | Home library | Current library | Date acquired | Source of acquisition | Cost, normal purchase price | Total Checkouts | Full call number | Barcode | Date last seen | Date last checked out | Copy number | Price effective from | Koha item type |
|---|---|---|---|---|---|---|---|---|---|---|---|---|---|---|---|---|---|---|
| Dewey Decimal Classification | Non-fiction | Biblioteca Pública José María del Castillo y Rada | Biblioteca Pública José María del Castillo y Rada | 04/11/2018 | Donación | 0.00 | 1 | 001.942 / B467p | 201807354 | 12/04/2024 | 12/04/2024 | Ej.1 | 11/28/2019 | Books |